Servicios intragrupo, servicios de investigacin̤ y desarrollo, y modelos de arrendamiento

Detalles Bibliográficos
Formato: eBook
Lenguaje:español
Publicado: Mx̌ico D.F. : Instituto Mexicano de Contadores Pb︢licos, 2012
Materias:
Acceso en línea:http://www.vlex.com/source/7124

MARC

LEADER 00000nam a22000007a 4500
005 20130225152044.0
007 cr|||| ||||
008 130225e2012 mx |||||s|||| 00||0 spa d
020 |a 978-6077-6211-95 
035 |a 7124 
040 |a vLex 
090 |c 3744  |d 3744 
245 0 0 |a Servicios intragrupo, servicios de investigacin̤ y desarrollo, y modelos de arrendamiento  |h [Recurso elctrn̤ico] 
256 |a Servicio en ln̕ea 
260 |a Mx̌ico D.F. :  |b Instituto Mexicano de Contadores Pb︢licos,   |c 2012  
300 |a 1 Recurso electrn̤ico 
650 0 4 |a Derecho civil  |z Mx̌ico 
650 0 4 |a Contratos de servicios  |z Mx̌ico 
650 0 4 |a Investigacin̤ cientf̕ica  |z Mx̌ico 
650 0 4 |a Ciencias naturales  |z Mx̌ico  
740 |a vLex Libros (Servicio en ln̕ea)  
856 |a Acceso restringido  |u http://www.vlex.com/source/7124 
942 |c BOOK 
999 0 |a Civil Law